Dẫn luận ngôn ngữ học /
Gorde:
| Egile nagusia: | |
|---|---|
| Formatua: | Liburua |
| Hizkuntza: | Vietnamese |
| Argitaratua: |
HN,
ĐHQGHN
2010.
|
| Gaiak: | |
| Etiketak: |
Etiketa erantsi
Etiketarik gabe, Izan zaitez lehena erregistro honi etiketa jartzen!
|
| Thư viện lưu trữ: | Mạng thư viện Đại học Đà Nẵng |
|---|
| LEADER | 00906cam a22002771a 4500 | ||
|---|---|---|---|
| 001 | 000033169 | ||
| 003 | 9308 | ||
| 005 | 20220707154404.0 | ||
| 008 | 151016s2010 vm 000 vie | ||
| 041 | |a vie | ||
| 082 | |a 495.92401 |b VU-N | ||
| 100 | |a Vũ Đức Nghiệu | ||
| 245 | 0 | |a Dẫn luận ngôn ngữ học / |c Vũ Đức Nghiệu. | |
| 260 | |b ĐHQGHN |a HN, |c 2010. | ||
| 300 | |a 398tr. : ; |c 20,5cm. | ||
| 650 | |a Dẫn luận ngôn ngữ học | ||
| 653 | |a ngôn ngữ học | ||
| OWN | |a LNN | ||
| 902 | |a TKV | ||
| AVA | |a UDN50 |b LNN |d 495.92401 VU-N |e available |t Error 5001 Not defined in file expand_doc_bib_avail. |f 4 |g 0 |h N |i 4 | ||
| 999 | |a From the UDN01 | ||
| AVA | |a UDN50 |b LNN |d 495.92401 VU-N |e available |t Error 5001 Not defined in file expand_doc_bib_avail. |f 4 |g 0 |h N |i 4 | ||
| TYP | |a Monograph | ||
| 980 | |a Mạng thư viện Đại học Đà Nẵng | ||